Patterns in Network Architecture : (Record no. 11678)

MARC details
000 -LEADER
fixed length control field 01306cam a22003134a 4500
001 - CONTROL NUMBER
control field 15023921
005 - DATE AND TIME OF LATEST TRANSACTION
control field 20080702174444.0
008 - FIXED-LENGTH DATA ELEMENTS--GENERAL INFORMATION
fixed length control field 070926s2008 njua b 001 0 eng
010 ## - LIBRARY OF CONGRESS CONTROL NUMBER
LC control number 2007040174
020 ## - INTERNATIONAL STANDARD BOOK NUMBER
International Standard Book Number 9780132252423 (hbk. : alk. paper)
020 ## - INTERNATIONAL STANDARD BOOK NUMBER
International Standard Book Number 0132252422 (hbk. : alk. paper)
035 ## - SYSTEM CONTROL NUMBER
System control number (OCoLC)ocn174134020
035 ## - SYSTEM CONTROL NUMBER
System control number (OCoLC)174134020
040 ## - CATALOGING SOURCE
Original cataloging agency DLC
Transcribing agency DLC
Modifying agency BAKER
-- YDXCP
-- C#P
-- DLC
050 00 - LIBRARY OF CONGRESS CALL NUMBER
Classification number TK5105.52
Item number .D39 2008
082 00 - DEWEY DECIMAL CLASSIFICATION NUMBER
Classification number 004.6
Edition number 22
Item number DAY
100 1# - MAIN ENTRY--PERSONAL NAME
Personal name Day, John D.,
Dates associated with a name 1947-
9 (RLIN) 5568
245 10 - TITLE STATEMENT
Title Patterns in Network Architecture :
Remainder of title A Return to Fundamentals /
Statement of responsibility, etc John Day.
260 ## - PUBLICATION, DISTRIBUTION, ETC. (IMPRINT)
Place of publication, distribution, etc Upper Saddle River, N.J. :
Name of publisher, distributor, etc Pearson Education,
Date of publication, distribution, etc c2008.
300 ## - PHYSICAL DESCRIPTION
Extent xxxi, 429 p. :
Other physical details ill. ;
Dimensions 25 cm.
504 ## - BIBLIOGRAPHY, ETC. NOTE
Bibliography, etc Includes bibliographical references (p. 389-397) and index.
650 #0 - SUBJECT ADDED ENTRY--TOPICAL TERM
Topical term or geographic name as entry element Computer network architectures.
9 (RLIN) 5569
650 #0 - SUBJECT ADDED ENTRY--TOPICAL TERM
Topical term or geographic name as entry element Computer networks
General subdivision Design.
9 (RLIN) 5570
650 #0 - SUBJECT ADDED ENTRY--TOPICAL TERM
Topical term or geographic name as entry element Computer networks
General subdivision Philosophy.
9 (RLIN) 5571
650 #0 - SUBJECT ADDED ENTRY--TOPICAL TERM
Topical term or geographic name as entry element Internet
General subdivision History.
9 (RLIN) 5572
942 ## - ADDED ENTRY ELEMENTS (KOHA)
Source of classification or shelving scheme Dewey Decimal Classification
Item type Book - Borrowing
Holdings
Withdrawn status Item status Source of classification or shelving scheme Damaged status Not for loan Vendor Home library Current library Shelving location Date acquired Source of acquisition Cost, normal purchase price Serial Enumeration / chronology Total Checkouts Total Renewals Full call number Barcode Date last seen Date last borrowed Koha item type
    Dewey Decimal Classification     Alahram Central Library Central Library Lower Floor 28/05/2009   340.00 374 1 15 004.6 DAY 000016528 15/07/2025 15/08/2016 Book - Borrowing